Welcome to CU Library Online Public Access Catalogue (OPAC)

Foundations of African social thought : (Record no. 2767)

MARC details
000 -LEADER
fixed length control field 00550cam a2200181 a 4500
001 - CONTROL NUMBER
control field 3085981
005 - DATE AND TIME OF LATEST TRANSACTION
control field 20250122105344.0
008 - FIXED-LENGTH DATA ELEMENTS--GENERAL INFORMATION
fixed length control field 980723s1997 gh b f001 0 eng
020 ## - INTERNATIONAL STANDARD BOOK NUMBER
International Standard Book Number 9964302193
050 00 - LIBRARY OF CONGRESS CALL NUMBER
Classification number HM22.A46
Item number A77 1997
082 00 - DEWEY DECIMAL CLASSIFICATION NUMBER
Classification number 301/.096
Edition information 21
100 1# - MAIN ENTRY--PERSONAL NAME
Personal name Assimeng, J. M.
245 10 - TITLE STATEMENT
Title Foundations of African social thought :
Remainder of title a contribution to the sociology of knowledge /
Statement of responsibility, etc. Max Assimeng.
260 ## - PUBLICATION, DISTRIBUTION, ETC.
Place of publication, distribution, etc. Accra :
Name of publisher, distributor, etc. Ghana Universities Press,
Date of publication, distribution, etc. 1997.
300 ## - PHYSICAL DESCRIPTION
Extent 148 p. ;
Dimensions 22 cm.
650 #0 - SUBJECT ADDED ENTRY--TOPICAL TERM
Topical term or geographic name entry element Sociology
Geographic subdivision Africa.
942 ## - ADDED ENTRY ELEMENTS (KOHA)
Source of classification or shelving scheme Library of Congress Classification
Koha item type Books
Suppress in OPAC No
999 ## -
-- 2767
-- 2767
Holdings
Withdrawn status Lost status Source of classification or shelving scheme Damaged status Not for loan Collection Home library Current library Shelving location Date acquired Total checkouts Full call number Barcode Date last seen Copy number Price effective from Koha item type
    Library of Congress Classification     Non-fiction Undergraduate Library (Christ Temple) Undergraduate Library (Christ Temple) General stacks 01/22/2025   HM22.A4 ASS ulct00000853 01/22/2025 1 01/22/2025 Books
    Library of Congress Classification     Non-fiction Undergraduate Library (Christ Temple) Undergraduate Library (Christ Temple) General stacks 01/22/2025   HM22.A4 ASS ulct00000854 01/22/2025 2 01/22/2025 Books
    Library of Congress Classification     Non-fiction Undergraduate Library (Christ Temple) Undergraduate Library (Christ Temple) General stacks 01/22/2025   HM22.A4 ASS ulct00000855 01/22/2025 3 01/22/2025 Books
    Library of Congress Classification     Non-fiction Undergraduate Library (Christ Temple) Undergraduate Library (Christ Temple) General stacks 01/22/2025   HM22.A4 ASS ulct00000856 01/22/2025 4 01/22/2025 Books
    Library of Congress Classification     Non-fiction Undergraduate Library (Christ Temple) Undergraduate Library (Christ Temple) General stacks 01/22/2025   HM22.A4 ASS ulct00000857 01/22/2025 5 01/22/2025 Books
    Library of Congress Classification     Non-fiction Undergraduate Library (Christ Temple) Undergraduate Library (Christ Temple) General stacks 09/03/2025   HM22.A46 ulct00004605 09/03/2025 1 09/03/2025 Books
© 2023-2024 Copyright: Central University Libraries. All Rights Reserved | Created by: Mahone Tech Office